000 00490nam a2200169Ia 4500
008 090711s9999 xx 000 0 und d
082 _b40383
100 _aकाळे प्र. िSां.
245 _aमरणाSां रु प
260 _c1978
300 _a87
600 _aकाळे प्र. िSां.
630 _aमरणाSां रु प
700 _aकाळे प्र. िSां.
730 _aमरणाSां रु प
942 _cBOOK
999 _c320398
_d320398